| 000 | 00712cab a2200229 4500 | ||
|---|---|---|---|
| 001 | WB2508-21 | ||
| 008 | 090401t1989 xxu||||| |||| 00| 0 eng d | ||
| 035 | _a(Sirsi) u62320 | ||
| 041 | _aeng | ||
| 245 | _aPlanning FOCUS survey | ||
| 260 | _c1989 | ||
| 350 | _a0 | ||
| 490 |
_aFOCUS Press Release _v16 February 1989, 3 pages |
||
| 520 | _aAccording to Property Intelligence `s latest Planning FOCUS Survey, planning permission was sought for 150m sq ft of commercial property development in the first half of 1988. | ||
| 650 | _aINDUSTRIAL | ||
| 650 | _aOFFICES | ||
| 650 | _aPLANNING APPLICATIONS | ||
| 650 | _aRETAIL | ||
| 690 | _aPLANNING LAW AND PRACTICE | ||
| 942 | _n0 | ||
| 948 | _c04/03/1997 | ||
| 999 |
_c38733 _d38733 |
||